00446nam a22001577a 450000500170000000800410001702000180005804100130007608200150008910000310010424500360013525000170017126000430018830000310023165000260026220231031105933.0231031b |||||||| |||| 00| 0 eng d a9780409123906 aEnglish  a346.7 BUS  aNagel CJ et al. lEnglish  aBusiness Law /cCJ Nagel et al. a5th Edition  aDurban : bLexisNexis (Pty) Ltd,c2015 bviii, 564 pages ; c25 cm. alegal practice bLaw